History Quiz

Random History or Decade Quiz

'90s Timeline Picture Click Quiz Stats

 Plays Quiz Updated Apr 28, 2016

Challenge
Share
Tweet
Score 0/10 Timer 03:00
0 Plays Today
% Correct
1999 - Y2K Problem Hits News
92.8%
1998 - Clinton Impeached
85.6%
1997 - Princess Diana Dies in Car Crash
72.6%
1996 - Magnificent Seven Wins Women's
Team Competition at the Olympics
69.4%
1991 - Operation Desert Storm
Conflict
66.5%
1995 - Oklahoma City Bombing Destroys
Federal Building
65.4%
1992 - Bill Clinton Wins Presidental Election
58.9%
1993 - Jurassic Park Released
57.7%
1990 - Mandela Freed from Prison
48.9%
1994 - O.J. Simpson Chased by Police
47.5%

You're not logged in!

Compare scores with friends on all Sporcle quizzes.
Join for Free
OR
Log In

You Might Also Like...

Show Comments

Extras

Top Quizzes Today


Score Distribution

Your Account Isn't Verified!

In order to create a playlist on Sporcle, you need to verify the email address you used during registration. Go to your Sporcle Settings to finish the process.

Report this User

Report this user for behavior that violates our Community Guidelines.

Details: